[Event "RUS-Cup06"]
[Site "Nizhnij Novgorod"]
[Date "1998.06.30"]
[Round "2"]
[White "Shariyazdanov, Andrey"]
[Black "Dvoirys, Semen I"]
[Result "1-0"]
[WhiteElo "2495"]
[BlackElo "2585"]
[Annotator "Ftacnik,L"]
[PlyCount "59"]
[EventDate "1998.06.29"]
[EventType "swiss"]
[EventRounds "9"]
[EventCountry "RUS"]
[SourceTitle "EXT 2000"]
[Source "ChessBase"]
[SourceDate "1999.11.16"]
[SourceVersion "1"]
[SourceVersionDate "1999.11.16"]
[SourceQuality "1"]

1. d4 Nf6 2. c4 g6 3. Nc3 d5 4. cxd5 Nxd5 5. e4 Nxc3 6. bxc3 Bg7 7. Bb5+ c6 8.
Ba4 O-O 9. Ne2 c5 10. O-O a6 11. dxc5 $5 {The profound reason behind white's
surprising concept is the weakness of the b6 square.} (11. Be3 b5 12. Bb3 (12.
Bc2 cxd4 13. cxd4 Bb7 14. Rb1 Nd7 15. a4 Qa5 16. Bd3 Nf6 17. f3 Bc6 18. d5 Bd7
19. axb5 axb5 20. Nd4 Rfb8 21. Kh1 b4 22. Nb3 Qd8 23. Nc5 {1-0 Dolinskij,
Boris-Isaevsky,A/Petrosian mem-J 1998 (24)}) 12... cxd4 13. cxd4 Bb7 14. d5
Bxa1 15. Qxa1 Re8 16. Rd1 Nd7 17. e5 Rc8 18. e6 Nc5 19. Bxc5 Rxc5 20. d6 f6 21.
dxe7 Qb6 22. Qxf6 Rf5 23. Qf7+ {1-0 James,D-Norman,K/BCF-ch/1992/}) 11... Qc7
12. Nf4 $1 e6 (12... Bxc3 13. Nd5 Qxc5 14. Be3 Qa3 15. Rc1 Bb2 16. Bc5 $18) (
12... Qxc5 13. Nd5 b5 14. Be3 Qa3 15. Nc7 $1 (15. Nb6 Ra7 (15... Bb7 16. Nxa8
bxa4 17. Nb6 Bxe4 18. Qxa4 Qxa4 19. Nxa4 $16) 16. Nc4 (16. Qb3 Qxb3 17. Bxb3
Rb7 18. Rab1 Nd7 (18... Bxc3 19. Rfc1 $16) 19. Nd5 Nf6 $11) 16... Qxc3 17. Bxa7
(17. Rc1 Rd7 $17) 17... Qxa1 18. Qxa1 Bxa1 19. Rxa1 Nc6 20. Bc5 bxa4 $15) 15...
Bxc3 16. Bb3 Bb7 17. Rc1 $16) 13. Nd3 Bxc3 14. Bf4 Qa5 (14... e5 $5 15. Bh6 (
15. Rc1 exf4 16. Rxc3 Rd8 $13) 15... Rd8 16. Qf3 Qe7 17. Rac1 Bd4 18. Bb3 Nc6
$11) 15. Rc1 Bg7 $2 {This retreat gives up too much space and time, black was
still able to fight for the equality.} (15... Rd8 $5 16. Bb3 (16. Bc7 Qxc7 17.
Rxc3 b5 18. Bc2 Bb7 $15) 16... Nc6 17. Bd6 $13) 16. Ne5 Qc7 (16... Rd8 17. Nc4
$1 Rxd1 18. Nxa5 Rd4 19. Rc4 $16) 17. Qd6 Qxd6 $6 (17... Qa5 18. Nc4 Qxa4 19.
Nb6 Qxa2 20. Nxa8 Nc6 21. Nb6 $14) 18. cxd6 b5 19. Bb3 a5 (19... Bb7 20. f3 $16
) 20. a3 a4 21. Ba2 Na6 22. Rfd1 {Th epawn on d6 is very dangerous because of
the excellent support from other white pieces.} b4 (22... Bb7 23. f3 g5 24. Bg3
h5 25. Nd3 $16) 23. Bc4 $1 bxa3 (23... g5 24. Bg3 bxa3 25. d7 Bb7 26. Bxa6 Bxa6
27. Nc6 $16) 24. d7 Bb7 (24... Bxe5 25. Bxe5 Bb7 26. Bf6 $18) 25. Bxa6 Bxa6 (
25... Rxa6 26. d8=Q $18) 26. Nc6 Bb2 (26... a2 27. e5 Bb7 28. d8=Q Rfxd8 29.
Nxd8 Bd5 30. Nc6 a1=Q 31. Ne7+ Kf8 32. Nxg6+ hxg6 33. Rxa1 a3 34. Be3 a2 35. f4
$16) 27. Bd6 (27. Rc2 Bd3 $1 28. Be5 (28. Rxd3 a2 29. Rd1 a1=Q 30. Rxa1 Bxa1
31. Bd6 Bf6 32. Bxf8 Kxf8 33. e5 (33. Nb8 $2 a3 34. Rc8+ Kg7 35. Nc6 Ra4 36. e5
Bh4 $19) 33... Bd8 34. Ra2 a3 $11) 28... Bxe5 (28... Bxc2 $4 29. Ne7#) 29. Rxd3
Bb2 30. Rd1 Bf6 $14) 27... Bxc1 (27... Rfd8 28. Nxd8 Rxd8 29. Rc7 a2 30. Be7
Rxd7 31. Rcxd7 a1=Q 32. Rxa1 Bxa1 33. Ra7 Bb5 34. e5 $1 $18) 28. Bxf8 Bb2 (
28... Kxf8 29. Rxc1 a2 30. d8=Q+ Rxd8 31. Nxd8 $18) 29. d8=Q Rxd8 30. Rxd8 1-0

[Event "RUS-Cup01 Chigorin Memorial"]
[Site "St Petersburg"]
[Date "1997.11.08"]
[Round "8"]
[White "Ivanov, Sergey"]
[Black "Polovodin, Igor A"]
[Result "1-0"]
[WhiteElo "2530"]
[BlackElo "2440"]
[Annotator "Ftacnik,L"]
[PlyCount "127"]
[EventDate "1997.11.01"]
[EventType "swiss"]
[EventRounds "9"]
[EventCountry "RUS"]
[SourceTitle "CBM 062"]
[Source "ChessBase"]
[SourceDate "1998.01.31"]
[SourceVersion "1"]
[SourceVersionDate "1998.01.31"]
[SourceQuality "1"]

{[%mdl 4100]} 1. d4 {Ivanov,Se} Nf6 2. c4 g6 3. Nc3 d5 4. cxd5 Nxd5 5. e4 Nxc3
6. bxc3 Bg7 7. Nf3 c5 8. Rb1 O-O 9. Be2 cxd4 (9... Nc6 {Ivanov,Se} 10. d5 Ne5
11. Nxe5 Bxe5 12. Qd2 e6 13. f4 Bg7 14. c4 b6 15. Bb2 Bxb2 16. Rxb2 (16. Qxb2
Qh4+ $6 (16... exd5 17. cxd5 Re8 18. e5 (18. Qc2 Rxe4 $1) 18... Qxd5 $1 19. Bf3
Qc4 20. Bxa8 Qxf4 21. Bf3 Rxe5+ $44 {Greenfeld}) 17. g3 Qh3 18. Bf3 Ba6 19. Rc1
Rae8 20. Bg2 Qh5 21. Qa3 Bc8 22. O-O $16 {Greenfeld - Liss, Israel, 1997})
16... Ba6 (16... Re8 17. e5 Bb7 18. O-O exd5 19. Bf3 f6 20. Re1 fxe5 21. fxe5
$1 (21. Rxe5 Qf6 $11) 21... Qc7 $8 22. Bxd5+ Bxd5 23. Qxd5+ Kg7 24. e6 Rad8 25.
Qf3 Re7 26. Rf2 Qd6 27. Qf6+ Kg8 28. Qg5 $1 $14 {Khalifman - Khenkin,
Leningrad, 1989}) 17. e5 $1 $146 (17. O-O exd5 18. exd5 (18. cxd5 Bxe2 19. Qxe2
f5 20. Rd2 fxe4 21. d6 (21. Qxe4 Qd6 $11) 21... Qe8 $1 (21... Qf6 22. Qxe4 $14
{Sakaev - Kharlov, Herson, 1991}) 22. Qc4+ Kg7 23. Qc3+ Kg8 $11 {Sakaev}) 18...
Re8 19. f5 $1 $36 Qh4 20. Rf4 Qg5 21. Bf1 Rad8 22. Qf2 Re1 23. Rb3 Qe7 24. Rbf3
Rxd5 $2 25. fxg6 Rdd1 26. gxf7+ Kf8 27. Qg3 {1:0 P.Ricardi-L.Bronstein, San
Fernando 1993}) 17... exd5 (17... Qh4+ 18. g3 Qh3 19. Bf1 Qf5 20. Bd3 Qh3 21.
d6 $14) (17... f6 $5 18. O-O exd5 19. Qxd5+ Kg7 $13) 18. cxd5 Bxe2 19. Kxe2 $1
f6 {Se.Ivanov-Berebora, Benasque 1997} 20. d6 $5 fxe5 21. Qd5+ Kg7 (21... Kh8
22. fxe5 Qh4 23. Rf1 $1 Rxf1 $140 $4 24. Qxa8+ $18) 22. fxe5 Qh4 23. Kd1 $5 $16
) 10. cxd4 Qa5+ 11. Bd2 Qxa2 12. O-O Bg4 13. Bg5 (13. Be3 {Ivanov,Se} Nc6 14.
d5 Rfd8 $5 $146 15. Rxb7 e6 16. Rc7 Bxf3 $1 17. gxf3 $5 Nb4 18. Bg5 exd5 19.
Bxd8 Rxd8 $44 {Sakaev - Tseshkovsky, Yugoslavia, 1997}) 13... h6 14. Be3 b6 (
14... Nc6 {Ivanov,Se} 15. d5) 15. Qd3 {'N!?' Ivanov,Se.} Nd7 (15... Nc6 16. Ra1
Qe6 17. d5 Nb4 18. dxe6 Nxd3 19. Bxd3 Bxa1 20. Rxa1 Bxf3 21. gxf3 fxe6 22. e5
$16) (15... Rc8 {Ivanov,Se} 16. h3 Bxf3 17. Bxf3 e5 18. d5 $44 (18. Ra1 Qc2)) (
15... Bxf3 {Ivanov,Se} 16. Bxf3 e5 17. d5 (17. Ra1 Qe6 18. d5 $44) 17... Qa6
18. Qd2 $44) (15... Rd8 $5 {Ivanov,Se} 16. Rfc1 Nd7 17. Ra1 (17. Qa6 Qxa6 18.
Bxa6 $44) 17... Qe6 $13) 16. h3 Bxf3 (16... Be6 17. d5 $16) 17. Bxf3 e5 {
'?!' Ivanov,Se.} (17... Rfd8 18. Ra1 (18. Qb5 {Ivanov,Se} a6 19. Qb4 $44) 18...
Qe6 19. Qb5 $44) 18. Ra1 $1 (18. d5 Nc5 {0-1 Trisic,A-Leko,P/Dortmund op-A
1992/ (39)}) 18... Qe6 19. d5 Qd6 (19... Qe7 {Ivanov,Se} 20. Rfc1 Nc5 21. Bxc5
bxc5 22. d6 $16) 20. Rfc1 {Ivanov,Se: [with the idea Rc6]} Nc5 $6 {It is
surprisingly difficult to eliminate white's pressure for the pawn. Es ist
überraschend schwierig, den weissen Druck für den Bauern zu eliminieren.} (
20... Rfc8 21. Rxc8+ Rxc8 22. Rxa7 $16) (20... Rfd8 $5 21. Rc6 Qb8 22. Qc4 $14)
21. Bxc5 bxc5 22. Ra6 Qd7 (22... Qb8 23. Rxc5 $14) 23. Rxc5 {'+/-' Ivanov,Se.}
h5 (23... Rfc8 $2 {Ivanov,Se} 24. Bg4 $18) 24. Bd1 {'!' Ivanov,Se. Ivanov,Se: 
[with the idea Ba4-c6]} Rfc8 25. Ba4 Qd8 26. Rxc8 {'!?' Ivanov,Se.} (26. Bc6
Rab8 27. Rxa7 Qb6 28. Rca5 Qb1+ 29. Qxb1 Rxb1+ 30. Kh2 Rb2 $16) 26... Rxc8 (
26... Qxc8 27. Bc6 Rb8 28. Rxa7 $18) 27. d6 (27. Rxa7 $2 Qb6) 27... Qg5 28. g3
(28. Rxa7 {Ivanov,Se} Rc1+ 29. Kh2 h4 $132) 28... h4 29. d7 Rd8 30. Rxa7 hxg3
31. fxg3 Qc1+ 32. Kg2 Qb2+ 33. Qc2 {'!' Ivanov,Se.} Qd4 (33... Qxc2+ 34. Bxc2
$16 (34. Bxc2 {Ivanov,Se} Bf6 35. h4 Kf8 36. Kh3 Ke7 37. Ba4 {with the ideas
g4,h5 +-})) 34. Rc7 Bf6 35. h4 Kg7 36. Rc8 Qe3 37. Bc6 g5 {'!?' Ivanov,Se.} (
37... Be7 {Ivanov,Se} 38. Qd1 Bf6 39. Qf3 Qd2+ 40. Kh3 Qe1 (40... Be7 41. Bd5)
41. Bb5 $5 {with the ideas Rc6, Bc4}) 38. hxg5 (38. h5 $6 g4 {'!' Ivanov,Se.}
39. Qd1 Qg5 $14) 38... Bxg5 39. Qd1 Be7 40. Qg4+ Qg5 (40... Kh6 41. Bd5 Qd2+
42. Kh3 $18) (40... Kf8 {Ivanov,Se} 41. Qf5 $40 {with the idea Bd5}) 41. Qxg5+
(41. Qe2 {Ivanov,Se} Bf6 $14) (41. Qf3 {Ivanov,Se} Qd2+ 42. Kh3 Qh6+) 41...
Bxg5 {White has a fair chance of winning due to his d7 pawn, but it will not
be easy. Dank des d7-Bauern kann Weiss auf den ganzen Punkt hoffen, aber die
Realisierung ist keineswegs einfach.} 42. Kf3 Be7 43. Ke3 Kf6 44. Kd3 Ke6 (
44... Kg5 {Ivanov,Se} 45. Kc4 Kg4 46. Kb5 Kxg3 47. Kb6 Kf4 48. Kc7 $18) 45. Kc4
Bg5 (45... Rxd7 46. Bxd7+ Kxd7 47. Ra8 $18) 46. Kb5 Ke7 47. Kb6 Bd2 48. Ba4 (
48. Kc7 Ba5+) 48... Be1 49. g4 Bd2 50. Kc5 Be3+ 51. Kd5 Bd4 {'?' Ivanov,Se.} (
51... f6 52. Rc3 Bh6 (52... Bf4 {Ivanov,Se} 53. Rh3 $18 {with the ideas Rh7,
Ke6}) 53. Rh3 Rh8 54. Kc6 Kd8 55. Rd3 $18) (51... Bf4 $142 {Ivanov,Se} 52. Bb5
(52. Rc3 Rh8 $1) 52... Bh2 $1 $16 (52... Bg3 $2 53. Rc3 Bf4 54. Rh3 $18)) 52.
Bb5 {'(.)' Ivanov,Se.} Bb2 53. Rc2 Bd4 54. Rh2 {Ivanov,Se: [with the ideas Rh7,
g5-g6 +-]} Rg8 (54... Rb8 55. Kc6 Rd8 56. Kc7 Bc3 57. g5 Ba5+ 58. Kb7 Rg8 59.
Rh7 Rg6 60. Bc6 Rxg5 61. Rh8 $18) 55. Rh7 Bb6 (55... Rxg4 56. Rxf7+ Kxf7 57.
d8=Q $18) 56. g5 {'!' Ivanov,Se.} Ba5 (56... Rxg5 57. Rh8 Rg1 58. Re8+ Kf6 59.
Kc6 Ba5 60. Ra8 Rc1+ 61. Kb7 $18) 57. Ba4 (57. Kc6 Rg6+) 57... Bc7 58. Kc6 (58.
g6 $2 {Ivanov,Se} Rxg6 59. Rh8 Rd6+ $11) 58... Bd8 59. Kb7 (59. Bb3 $2 Rg6+ $14
) 59... Ba5 60. Bc6 Rxg5 (60... Bd8 61. g6 $1 Rxg6 62. Rh8 $18) 61. Rh8 {
'+-' Ivanov,Se.} f5 (61... Rg1 62. Re8+ Kf6 63. Ra8 Rb1+ 64. Kc8 Bb6 65. Rb8
$18) 62. Re8+ Kd6 63. Ra8 Bc7 64. Ba4 $1 (64. Ba4 $1 Rg7 65. Ra6+ Kc5 66. Kxc7
$18) 1-0

[Event "Interzonal-15"]
[Site "Manila"]
[Date "1990.??.??"]
[Round "4"]
[White "Hjartarson, Johann"]
[Black "Popovic, Petar"]
[Result "0-1"]
[WhiteElo "2520"]
[BlackElo "2520"]
[Annotator "Ftacnik,L"]
[PlyCount "56"]
[EventDate "1990.06.29"]
[EventType "swiss"]
[EventRounds "13"]
[EventCountry "PHI"]
[SourceTitle "CBM 019"]
[Source "ChessBase"]
[SourceDate "1990.12.01"]
[SourceVersion "1"]
[SourceVersionDate "1990.12.01"]
[SourceQuality "1"]

1. d4 Nf6 2. c4 g6 3. Nc3 d5 4. cxd5 Nxd5 5. e4 Nxc3 6. bxc3 Bg7 7. Bb5+ c6 8.
Ba4 O-O 9. Ne2 b5 (9... c5 10. O-O Nc6 11. Be3 Na5 12. Rb1 cxd4 13. cxd4 b6 14.
d5 e6 15. Bd2 Ba6 16. Bb4 exd5 17. exd5 Bc4 18. Bxf8 Bxf8 19. Rb2 Qxd5 20. Qxd5
Bxd5 21. Rd1 Bc4 22. Nc1 $1 $16 {Dautov-Labunskij/USSR/1989/}) 10. Bb3 Bb7 11.
O-O c5 12. d5 (12. f3 b4 $5) 12... Nd7 13. Bg5 h6 14. Be3 Qc7 15. Qd2 Kh7 16.
Rac1 Nf6 17. f3 Rfd8 18. c4 (18. Rfd1 $5) (18. Qe1 $1 $16) 18... e6 19. Rfd1 (
19. cxb5 exd5 20. Rxc5 Qe7 21. exd5 Nxd5 22. Bxd5 Bxd5 $132) 19... exd5 (19...
bxc4 20. d6 $1 (20. Rxc4 exd5 21. Rxc5 Qe7 22. exd5 Nxd5) 20... Qc6 21. Rxc4
$16) 20. cxd5 c4 21. Bc2 Nxd5 $6 (21... Rac8 22. Bd4) 22. exd5 Rxd5 23. Bd4 $2
(23. Nd4 Re8 (23... Rad8 24. Qc3 (24. Qf2 $6 Qd7 25. Be4 (25. Ne2 Rxd1+ 26.
Rxd1 Qxd1+ 27. Bxd1 Rxd1+ $19) 25... Rxd4 26. Bxd4 Bxe4 $19) 24... b4 (24...
Qd7 25. Be4 Rxd4 26. Bxd4 Bxe4 27. Bxg7 $18) 25. Qa1 Qd7 26. Be4 $18) 24. Be4
$18) 23... Re8 24. Be4 Rd7 25. Qc3 (25. Bxb7 Qxb7 26. Qb2 Rxe2 27. Qxe2 Bxd4+
$17) 25... Qd8 $1 26. Bc2 (26. Bxb7 Rxe2 27. Kf1 Rxa2 $19) (26. Bxg7 Rxd1+ 27.
Rxd1 Qxd1+ 28. Kf2 Bxe4 29. fxe4 Rxe4 30. Ng3 b4 $1 31. Qxb4 Rf4+ 32. Ke3 Qc1+
$19) 26... Rxe2 27. Bxg7 Qg5 $1 28. g3 b4 $1 {Ftacnik,L} (28... b4 $1 29. Rxd7
bxc3 30. f4 Qh5 $19) 0-1

[Event "Tilburg Fontys"]
[Site "Tilburg"]
[Date "1996.10.21"]
[Round "9"]
[White "Lautier, Joel"]
[Black "Leko, Peter"]
[Result "0-1"]
[WhiteElo "2620"]
[BlackElo "2630"]
[Annotator "Ftacnik,L"]
[PlyCount "80"]
[EventDate "1996.10.11"]
[EventType "tourn"]
[EventRounds "11"]
[EventCountry "NED"]
[EventCategory "16"]
[SourceTitle "CBM 056"]
[Source "ChessBase"]
[SourceDate "1997.02.01"]
[SourceVersion "1"]
[SourceVersionDate "1997.02.01"]
[SourceQuality "1"]

1. d4 Nf6 2. c4 g6 3. Nc3 d5 4. cxd5 Nxd5 5. e4 Nxc3 6. bxc3 Bg7 7. Nf3 c5 8.
Rb1 O-O 9. Be2 cxd4 10. cxd4 Qa5+ 11. Bd2 Qxa2 12. O-O a5 13. Bg5 (13. Bc3 Bg4
14. Ra1 Qe6 15. d5 Qb6 16. Bxg7 Kxg7 {Sandler,M-Lalic,B/ENG/0-1 (32)} 17. Ne5
Bxe2 18. Qxe2 Qa6 $1 19. Qb2 f6 20. Nf3 Nd7 $15) (13. Re1 a4 $1 14. Bb4 Nc6 15.
Ra1 Qxa1 $1 16. Qxa1 Nxb4 $17) (13. d5 e6 14. Bg5 $1 exd5 15. exd5 Qa3 16. d6
Nd7 17. Bb5 $36) (13. d5 $5) 13... a4 (13... Bf6 $5) 14. Bxe7 (14. Bb5 $6 Bd7
$1 15. Bxd7 Nxd7 16. Rxb7 Qe6 17. d5 {Hebert,J-Kozul,Z/Toronto/1990/0:1/52/}
Qd6 $1 18. e5 Bxe5 $1 19. Rxd7 Qxd7 20. Nxe5 Qf5 21. Nf3 f6 {/\Rfd8-/+/}) (14.
d5) 14... Re8 15. Rc1 (15. Bc5 Rxe4 (15... Nd7) 16. Bd3 Re8 17. Ra1 Qd5 18.
Rxa4 Rxa4 19. Qxa4 Bd7 20. Qc2 Bc6 21. Bc4 Qd7 22. Ne5 Bxe5 23. dxe5 Bxg2 24.
e6 Rxe6 25. Rd1 Bh3 26. Bxe6 Qxe6 27. Rd8+ Kg7 28. Bf8+ {1-0 Von Herman,
U-Schnabel,R/OLNO 9192/1992/}) (15. Ra1 Qe6 16. Ba3 Qxe4 17. Re1 Bd7 18. Ne5 {
1/2-1/2 Dorfman,J-Adorjan,A/Polanica Zdroj (06)/1992/}) (15. Bd6 $1 Rxe4 (15...
Qe6 16. e5 $16) (15... Bf5 16. Ra1 Qe6 17. e5 $16) 16. Rc1 (16. Qc1 Be6 17. Bd3
Rg4 18. h3 (18. Qc7 Nc6 19. Qxb7 Rc8 20. Rbc1 Qd5 21. Bg3 Bxd4 22. Bb5 Na7 23.
Rxc8+ Nxc8 24. Qxd5 Bxd5 25. Rd1 Bxf3 26. gxf3 a3 27. fxg4 a2 28. Kg2 a1=Q 29.
Rxa1 Bxa1 {1/2-1/2 Ioseliani,N-Krupkova,P/Prague Menchik-mem (01)/1996 (41)})
18... Qd5 19. Qc7 Nc6 20. hxg4 Rc8 21. Qxb7 Qxd6 22. Rfc1 Bf8 23. Be4 Na5 24.
Qb5 Rxc1+ 25. Rxc1 Nb3 26. Rd1 a3 {0-1 Summerscale,A-Lerch,P/Candas op (07)/
1996 (35)}) 16... Nc6 17. Bc4 Qb2 18. Rb1 Qc3 19. Bxf7+ Kxf7 20. Ng5+ Kg8 21.
Nxe4 Qxd4 22. Qe2 $1 $18 {1-0 Ivanov,Se-Zezulkin,J/POL-chT Lubniewice (07)/
1994/ (34) /\ Qa2}) (15. Bg5 Rxe4 16. Bd3 Re6 $1 17. Qc1 Rc6 $17) 15... Qe6 16.
Ba3 (16. Bb4 Qxe4 17. Re1 Bd7 18. Ng5 Qf4 19. Bd2 Qf6 20. Bc4 Rf8 21. Ne4 Qb6
22. d5 Na6 23. Be3 Qd8 24. Bd4 b5 25. Bxg7 Kxg7 26. Qd4+ f6 {1/2-1/2 Sadler,
M-Miles,A/Isle of Man op (03)/1995 (32)}) 16... Qxe4 17. Re1 Bd7 18. d5 Qf4 19.
Rc4 Qf6 20. Rc7 (20. Qd2 Na6 21. Rb1 b5 22. Rcc1 Bh6 23. Qxh6 Rxe2 24. Re1
Rxe1+ 25. Nxe1 Qf5 26. Rc1 b4 27. Bb2 f6 $17 {Vaisser,A-Leko,P/Cap D'Agde qual
G2 (02) 1996/0-1 (74)}) 20... Bf8 $1 {White can be very active, but the Pa4 is
an important factor. Weiß kann sehr aktiv spielen, aber der Pa4 bleibt ein
wichtiger Faktor.} (20... b5 $2 21. Bxb5 $1 Bxb5 22. Rxe8+ Bxe8 23. Rc8 $18)
21. d6 (21. Bxf8 Kxf8 22. Rxb7 a3 23. Bc4 $13) 21... Bc6 22. Qd2 Nd7 (22... Na6
$2 23. Bxa6 Rxe1+ 24. Nxe1 Rxa6 25. d7 Bxd7 26. Bxf8 $18) 23. Rd1 (23. Bb2 $2
Qxd6 24. Qc3 f6 $19) 23... Bg7 24. Bc4 Rad8 (24... h6 25. Bd5 $13) 25. Ng5 Rf8
26. Re1 Ne5 27. Ba2 $6 (27. Rxe5 $5 Qxe5 28. Nxf7 Qa1+ 29. Bc1 Rxf7 30. Bxf7+
Kh8 $13) 27... Rd7 28. h3 $6 (28. f4 Ng4 29. Bc5 h6 30. Rxd7 Bxd7 31. Ne4 Qf5
$17) 28... h6 29. f4 (29. Ne4 Qh4 $17) 29... Nd3 $1 (29... hxg5 $2 30. fxe5 Qf4
31. Qxf4 gxf4 32. e6 $16) 30. Qxd3 hxg5 31. Rxd7 (31. fxg5 Qxg5 $17) 31... Bxd7
32. fxg5 Qxg5 {Black have survived the worst and white king became quite weak.
Schwarz hat das Schlimmste überstanden, und nun steht der weiße König ziemlich
schwach.} 33. Bd5 (33. Re7 Bc6 $17) 33... b5 34. Kh1 (34. Re7 Bxh3 35. d7 Bxd7
36. Rxd7 b4 37. Bxb4 Qc1+ 38. Kh2 Qf4+ 39. g3 Qxb4 40. Qxg6 Qd2+ $17) 34... Bf6
35. Rf1 Be5 36. g4 (36. Qf3 Kg7 37. Bxf7 Be6 (37... Bc6 38. Qxc6 Qg3 39. Kg1
Qxa3 $17 (39... Qh2+ 40. Kf2 Rxf7+ 41. Ke2 $15)) 38. Bc1 Qh5 39. Qxh5 gxh5 40.
Re1 Rxf7 41. Rxe5 Rf1+ 42. Kh2 Rxc1 43. Rxe6 a3 $19) 36... Kg7 37. Qe4 f6 38.
Rc1 Rh8 39. Qf3 (39. Rc7 Rxh3+ 40. Kg1 Qd2 $1 41. Rxd7+ Kh6 $19) 39... Bxd6 $1
40. Bb2 (40. Bxd6 Qxc1+) 40... Be5 0-1

[Event "Sigeman & Co 05th"]
[Site "Malmo"]
[Date "1997.06.11"]
[Round "2"]
[White "Akesson, Ralf"]
[Black "Timman, Jan H"]
[Result "0-1"]
[WhiteElo "2515"]
[BlackElo "2630"]
[Annotator "Ftacnik,L"]
[PlyCount "70"]
[EventDate "1997.06.10"]
[EventType "tourn"]
[EventRounds "9"]
[EventCountry "SWE"]
[EventCategory "13"]
[SourceTitle "CBM 060"]
[Source "ChessBase"]
[SourceDate "1997.09.29"]
[SourceVersion "1"]
[SourceVersionDate "1997.09.29"]
[SourceQuality "1"]

1. d4 Nf6 2. c4 g6 3. Nc3 d5 4. cxd5 Nxd5 5. e4 Nxc3 6. bxc3 Bg7 7. Be3 c5 8.
Qd2 Qa5 9. Rb1 b6 10. Bb5+ Bd7 11. Bd3 Nc6 (11... cxd4 12. cxd4 Nc6 13. Ne2 O-O
14. Qxa5 Nxa5 15. Kd2 f5 16. f3 e5 17. d5 f4 18. Bf2 Rfc8 19. Ba6 Rd8 20. Bh4
Rf8 21. Rhc1 Bf6 22. Bxf6 Rxf6 23. Rc7 {1-0 Karpov,A-Krasenkov,M/Moscow 1992 
(33)}) (11... O-O 12. Ne2 (12. Nf3) 12... e6 13. h4 (13. O-O cxd4 14. cxd4 Qxd2
15. Bxd2 $14) 13... h5 (13... Nc6 14. h5 {/\ Bh6, e5|^>>} cxd4 15. cxd4 Rfc8
$132) (13... cxd4 14. cxd4 Nc6 15. Qxa5 Nxa5 16. Kd2 Bc6 17. Rhc1 Rac8 18. h5
Bb7 19. g4 Rxc1 20. Rxc1 Rc8 21. Rxc8+ Bxc8 22. h6 Bf6 23. Nc3 {Atalik,S-Jelen,
I/Ljubljana 1997/1-0 (56)}) 14. g4 $1 cxd4 (14... hxg4 15. h5 $40) 15. cxd4
Qxd2+ 16. Kxd2 hxg4 17. h5 e5 (17... Nc6 18. hxg6 (18. e5 {/\ hg6, Rbg1+/-->})
18... fxg6 19. e5 Ne7 20. Rbg1 $16) 18. hxg6 exd4 (18... Nc6 $142 19. Bc4 exd4
$5 20. gxf7+ Rxf7 21. Bh6 Bf6 $14) 19. Nxd4 Nc6 20. Nxc6 (20. Nf5 Bxf5 21. exf5
Rfd8 22. Ke2 Ne5 23. Be4 Rac8 $14) 20... Bxc6 21. Rhg1 (21. Rbg1 $2 Rfd8 22.
gxf7+ Kxf7 23. Ke2 Rxd3 $1 $132) 21... Rad8 22. Rxg4 (22. Ke2 $142 fxg6 23.
Rxg4) 22... fxg6 (22... f5 $5 23. exf5 Rxf5 24. Kc2 Rc8 $1 25. Rc4 Ra5 26. Kc1
$1 $16 Rxa2 $140 27. Bf5 Rc7 28. Be6+ Kf8 29. Bf4 $18) 23. Ke2 $16 {1-0 Yuneev,
A-Kudrin,S/Erevan op 1996 (33)}) 12. Ne2 (12. Nf3 O-O 13. Rc1 (13. Rb5 Qa4 14.
Rb2 Rad8 15. O-O Na5 16. Bh6 Nc4 17. Bxc4 Qxc4 18. Bxg7 Kxg7 19. Ne5 Qa4 20.
Qe3 f6 21. Nxd7 Rxd7 22. dxc5 bxc5 23. e5 Rd1 {1/2-1/2 Adla,D-Sion Castro,M/
Zaragoza op-A 1995 (37)}) 13... e6 14. d5 exd5 15. exd5 Ne5 16. Nxe5 Bxe5 17.
c4 Qxd2+ 18. Kxd2 f5 19. f4 Bf6 20. Rhe1 Rfe8 21. Bf2 Kf7 22. g3 Rxe1 23. Rxe1
Re8 {1/2-1/2 Tunik,G-Atalik,S/Budapest GM 1992 (40)}) 12... O-O (12... cxd4 13.
cxd4 Qxd2+ (13... O-O 14. Qxa5 Nxa5 15. Kd2 f5 16. f3 fxe4 17. fxe4 Rac8 18.
Rhc1 Rxc1 19. Rxc1 Rc8 20. Rxc8+ Bxc8 21. Nc3 Be6 22. d5 Bd7 23. Nb5 Bxb5 24.
Bxb5 {1-0 Akesson,R-Zagorskis,D/EU-chT Pula 1997 (41)}) 14. Kxd2 e6 15. Rhc1
Ke7 16. Bb5 Rhc8 17. Ba6 Rcb8 18. Bf4 e5 19. Bg5+ f6 20. d5 Na5 21. Be3 Kd6 22.
Nc3 Rf8 23. Nb5+ Bxb5 24. Rxb5 {1-0 Piveny,I-Donegani,P/Werfen op 1994 (29)})
13. h4 (13. dxc5 Ne5 14. cxb6 axb6 15. O-O Qxa2 16. Rb2 Qa3 17. Rxb6 Rfd8 18.
Nd4 Rac8 $44 {|^<<}) 13... Rfd8 14. h5 cxd4 15. cxd4 Rac8 16. Qxa5 (16. d5 Ne5
17. Qxa5 Nxd3+ 18. Kd2 bxa5 19. Kxd3 Ba4 20. Nd4 e6 $15) 16... Nxa5 17. Bg5 (
17. Ba6 $6 Rc2) 17... f6 18. Bd2 Nc4 19. Bb4 e5 (19... Kf7 20. Rc1 Nb2 21. Ba6
(21. Bc2 $2 Rxc2 22. Rxc2 Nd3+ 23. Kd2 Nxb4 $17) 21... Rxc1+ 22. Nxc1 $14) 20.
hxg6 hxg6 21. dxe5 $6 (21. d5 Kf7 $11) 21... Nxe5 22. Ba6 Rc2 23. f4 Nc6 (23...
Rxa2 24. fxe5 Rxa6 25. Be7 Re8 26. exf6 Bc6 $13) 24. Bc3 (24. Bd3 Nxb4 25. Rxb4
Rc5 $15) 24... Bg4 (24... Be6 25. Bb5 (25. Rc1 Rxa2 26. Bxf6 Bxf6 27. Rxc6 Rxa6
28. Rxe6 Ra1+ $19) 25... Bg4 (25... Bxa2 $2 26. Ra1 $14) 26. Bc4+ Kf8 27. Rb2)
25. Bc4+ Kf8 26. Rb2 Rxc3 $5 (26... Bxe2 27. Rxc2 Bxc4 28. Bxf6 Bxf6 29. Rxc4
$13) 27. Nxc3 f5 28. e5 (28. Rc2 Bxc3+ 29. Rxc3 Rd1+ 30. Kf2 Rxh1 $19) 28...
Nxe5 $1 29. fxe5 Bxe5 30. Rc2 $2 (30. Rd2 $1 Rc8 (30... Bxc3 31. Rh8+ Bxh8 32.
Rxd8+ Kg7 33. Rd7+ $14) (30... Bg3+ 31. Rf2 Bxf2+ 32. Kxf2 Rd2+ 33. Ne2 Bxe2
34. Bxe2 Rxa2 $11) 31. Ne2 Rxc4 32. Rh7 Ke8 33. Rxa7 $11) 30... Bxc3+ 31. Kf2 (
31. Rxc3 Rd1+ 32. Kf2 Rxh1 $19) 31... Bd4+ 32. Kg3 (32. Ke1 Kg7 $17) 32... Be5+
33. Kf2 f4 34. Rh7 $2 (34. Rh4 Bf5 35. Re2 Bd4+ 36. Kf3 g5 $17) 34... Rd1 35.
g3 $2 (35. Rf7+ Ke8 36. Re2 $8 Bxe2 37. Bxe2 (37. Kxe2 Rc1 $19) 37... Rd2 (
37... Kxf7 38. Bxd1 $15) 38. Rxa7 g5 $17) 35... Bd4+ (35... Bd4+ 36. Kg2 Rg1+
37. Kh2 fxg3#) 0-1